| 000 | 00465cam a2200181ua 4500 | ||
|---|---|---|---|
| 001 | 2842 | ||
| 008 | 110912n ii |||gr||||Z||||||asm | ||
| 040 | _cMAIN | ||
| 082 | _a920 | ||
| 100 | 1 |
_aMahanta, Bipin Chandra, _eAuthor. |
|
| 245 | 1 | 1 |
_aAri aaha dinar chabi _cby Bipin Chandra Mahanta |
| 250 | _a1st. | ||
| 260 |
_aDibrugarh: _bBipin chandra mahanta,998. |
||
| 300 |
_a254p: _c23cm. |
||
| 653 | _aAutobiography | ||
| 653 | _aAri aaha dinar chabi | ||
| 942 | _cBK | ||
| 999 |
_c2691 _d2691 |
||